Modern Digital Electronics (Record no. 18333)

MARC details
000 -LEADER
fixed length control field 00317nam a2200133Ia 4500
008 - FIXED-LENGTH DATA ELEMENTS--GENERAL INFORMATION
fixed length control field 221030s9999 xx 000 0 und d
100 ## - MAIN ENTRY--AUTHOR NAME
Personal name R. P. Jain
245 #0 - TITLE STATEMENT
Title Modern Digital Electronics
Statement of responsibility, etc by R. P. Jain
250 ## - EDITION STATEMENT
Edition statement 2nd
260 ## - PUBLICATION, DISTRIBUTION, ETC. (IMPRINT)
Name of publisher TMT
Place of publication New Delhi
Year of publication 1998
300 ## - PHYSICAL DESCRIPTION
Number of Pages 500
650 ## - SUBJECT ADDED ENTRY--TOPICAL TERM
Topical Term BB CSE
942 ## - ADDED ENTRY ELEMENTS (KOHA)
Koha item type Books
Source of classification or shelving scheme Dewey Decimal Classification
Holdings
Accession Number Cost, normal purchase price Price effective from Koha item type Withdrawn / writtenoff status Materials specified (bound volume or other part) Damaged status Not for loan Permanent Location Current Location Shelving location Date acquired Lost/ Missing status department
BB 968 458.00 10/30/2022 Books   Print     MIET Library, Jammu MIET Library, Jammu BL-Academic Block B, FL-2, CUP-104, SH-4, R-4 09/24/2019   BB